000 00405nam a2200157Ia 4500
008 230711s9999||||xx |||||||||||||| ||und||
041 _aENG
082 _a621
_bJO-E
100 _aJordan,Edward C
245 0 _aElectro magnetic waves and radiating system
250 _a2nd Ed.
260 _c2000
_aNew Delhi
_bPHI Learning Private Limited
650 _aPhysics
700 _aBalmain,Keith G
942 _cBK
999 _c3715
_d3715